| 000 | 00626nam a2200217 u 4500 | ||
|---|---|---|---|
| 005 | 20240228064241.0 | ||
| 008 | 160511s2005 r 000 0 eng d | ||
| 020 | _a8426358071 | ||
| 035 | _aUPN01000210248 | ||
| 049 | _aI | ||
| 050 | 4 |
_aPZ78 _bN6.2 |
|
| 100 | 1 |
_aNovoa, Teresa, _d1955- _939032 |
|
| 245 | 1 | 2 |
_aA dormir / _cTeresa Novoa. |
| 260 |
_aZaragoza, Esp. : _bEdelvives, _c2005. |
||
| 300 |
_a[8] p. : _bprincipalmente il. |
||
| 440 | 0 |
_aVida cotidiana. _pPequeteca |
|
| 650 | 7 |
_aLibros ilustrados para niños _2 _921365 |
|
| 650 | 4 |
_aLibros y lectura para niños _92290 |
|
| 905 | _aInfantil | ||
| 999 |
_c182349 _d182349 |
||